Представление документа в формате MARC21

Поле Инд. ПП Название Значение
Тип записи a
Библиографический уровень b
001 Контрольный номер DU/556820470
005 Дата корректировки 20200522191840.6
008 Кодируемые данные 20170821
040 b Код языка каталог. rus
e Правила каталог. PSBO
041 0_ a Код языка текста rus
084 a Индекс другой классификации/Индекс ББК 88.212.2-3в686
100 1_ a Автор Селиванова Л. А.
245 a Заглавие Разработка зоопсихофизической методики для определения хемочувствительности гидробионтов
504 a Библиография Библиогр.: с. 113 - 115
520 0_ a Аннотация Представлены исходная, промежуточная и итоговая версии зоопсихофизической методики. Их критический анализ и поэтапная модификация в итоге позволили прийти к версии, адекватной задачам определения пределов и закономерностей хемочувствительности рыб и других гидробионтов. Разбор недостатков исходной и промежуточной версий этой методики может помочь при разработке других зоопсихофизических методик
650 14 a Основная рубрика зоопсихология
a Основная рубрика общая психология
a Основная рубрика психология
a Основная рубрика психофизиология
a Основная рубрика развитие психики (филогенез психики)
653 1_ a Ключевые слова гидробионты
a Ключевые слова методика психологического исследования
a Ключевые слова психологические исследования
a Ключевые слова рыбы
a Ключевые слова хемочувствительность
a Ключевые слова экспериментальная психология
773 08 t Заглавие источника Экспериментальная психология
d Дата издания источника 2016
g Прочая информация № 4. - С. 105 - 119 : табл.
w Контрольный № источника DU/545324264
901 t Тип документа b